समय से आगे / (Record no. 117451)

MARC details
000 -LEADER
fixed length control field 01002nam a22002537a 4500
005 - DATE AND TIME OF LATEST TRANSACTION
control field 20170124103056.0
010 ## - LIBRARY OF CONGRESS CONTROL NUMBER
LC control number B-143883
020 ## - INTERNATIONAL STANDARD BOOK NUMBER
Terms of availability 250.00
International Standard Book Number 8126709324
035 ## - SYSTEM CONTROL NUMBER
System control number B-143883
037 ## - SOURCE OF ACQUISITION
Source of stock number/acquisition Cen Lib/Ret
040 ## - CATALOGING SOURCE
Original cataloging agency DPL
Language of cataloging HN
082 ## - DEWEY DECIMAL CLASSIFICATION NUMBER
Classification number
Item number झासीता
100 ## - MAIN ENTRY--PERSONAL NAME
Personal name झा,सीताराम
9 (RLIN) 49983
245 ## - TITLE STATEMENT
Title समय से आगे /
Statement of responsibility, etc सीताराम झा
246 ## - VARYING FORM OF TITLE
Title proper/short title Samay se aage
Remainder of title by Sitaram Jha
260 ## - PUBLICATION, DISTRIBUTION, ETC. (IMPRINT)
Place of publication, distribution, etc नई दिल्ली
Name of publisher, distributor, etc राजकमल प्रकाशन
Date of publication, distribution, etc 2005
270 ## - ADDRESS
Address 1-नेता जी सुभाष मार्ग
City नई दिल्ली
Postal code 110002
300 ## - PHYSICAL DESCRIPTION
Extent 207पृष्ठ.
Dimensions 21सेमी(सजिल्द )
650 ## - SUBJECT ADDED ENTRY--TOPICAL TERM
Topical term or geographic name as entry element हिंदी साहित्य
9 (RLIN) 74682
650 ## - SUBJECT ADDED ENTRY--TOPICAL TERM
Topical term or geographic name as entry element हिंदी उपन्यास - संघर्ष
9 (RLIN) 42836
650 ## - SUBJECT ADDED ENTRY--TOPICAL TERM
Topical term or geographic name as entry element Hindi Literature
9 (RLIN) 74683
650 ## - SUBJECT ADDED ENTRY--TOPICAL TERM
Topical term or geographic name as entry element Hindi novel - Struggle
9 (RLIN) 74684
942 ## - ADDED ENTRY ELEMENTS (KOHA)
Source of classification or shelving scheme Dewey Decimal Classification
Koha item type Hindi Books
Classification part
Call number suffix झासीता
Holdings
Withdrawn status Lost status Damaged status Not for loan Home library Current library Date acquired Source of acquisition Cost, normal purchase price Total Checkouts Full call number Barcode Date last seen Date checked out Copy number Cost, replacement price Price effective from Koha item type Source of classification or shelving scheme Collection code
        Central Library Central Library 04/09/2015 Cen Lib /Ret 250.00 5 उ झासीता B-143883 10/04/2019 26/03/2019 1 250.00 04/09/2015 Hindi Books    
        Sarojini Nagar Sarojini Nagar 08/08/2018       उ झासीता B-143885 08/08/2018       08/08/2018 Hindi Books Dewey Decimal Classification Fiction

© Delhi Public Library
Hit Counter
free hit counter